[Event "Deutsche Ländermeisterschaft 2015"]
[Site "Hannover GER"]
[Date "2015.10.05"]
[Round "5"]
[White "Kieckbusch, Lotta"]
[Black "Brunner, Sophia"]
[Result "0-1"]
[Termination "normal"]
[Board "5.8"]
[WhiteElo "993"]
[BlackElo "1546"]
[WhiteClock "00:03:33"]
[BlackClock "00:37:12"]
[WhiteTeam "Hamburg"]
[BlackTeam "Niedersachsen 1"]
[PlyCount "130"]
[WhiteFideId "16214390"]
[BlackFideId "12960683"]
[EventCountry "GER"]
[EventRounds "7"]
[EventType "team-swiss"]
[EventDate "2015.10.02"]

1. d4 d5 2. Nf3 Nf6 3. Bf4 Bf5 4. e3 e6 5. Nbd2 c5 6. c3 Bd6 7. Bg3 Bxg3 8.
hxg3 Nbd7 9. Bb5 a6 10. Ba4 b5 11. Bc2 Bg4 12. Qe2 cxd4 13. exd4 Nb6 14. b3 Rc8
15. Qd3 Qc7 16. Nb1 Ne4 17. Ne5 Bf5 18. g4 Bg6 19. Nxg6 fxg6 20. f3 Nxc3 21.
Nd2 b4 22. Qxa6 Ra8 23. Qf1 Qf4 24. Qf2 Rxa2 25. Rxa2 Nxa2 26. Bxg6+ Kd7 27.
Rxh7 Rxh7 28. Bxh7 Nc3 29. Bb1 Nxb1 30. Nxb1 Qc1+ 31. Ke2 Qxb1 32. Qe3 Qb2+ 33.
Qd2 Qxd2+ 34. Kxd2 Kd6 35. f4 Nd7 36. Ke3 Nf6 37. g5 Ne4 38. Kd3 g6 39. Kc2 Nc3
40. Kd3 Nb5 41. Ke3 Ke7 42. Kd3 Nd6 43. Ke3 Nf5+ 44. Kd3 Kd7 45. Kc2 Ne3+ 46.
Kd2 Nxg2 47. Ke2 Nxf4+ 48. Kf3 Nh5 49. Ke3 Kd6 50. Kd3 e5 51. Ke3 Ng7 52. dxe5+
Kxe5 53. Kf3 d4 54. Ke2 Ke4 55. Kd2 Ne6 56. Ke2 Nxg5 57. Kd2 Nf3+ 58. Ke2 d3+
59. Kd1 Ke3 60. Kc1 Ke2 61. Kb2 d2 62. Kc2 d1=Q+ 63. Kb2 Nd4 64. Ka2 Qxb3+ 65.
Ka1 Nc2# 0-1

[Event "Deutsche Ländermeisterschaft 2015"]
[Site "Hannover GER"]
[Date "2015.10.05"]
[Round "5"]
[White "Baskin, Robert"]
[Black "Schmidek, Emil"]
[Result "1/2-1/2"]
[Termination "normal"]
[Board "6.1"]
[WhiteTitle "FM"]
[WhiteElo "2329"]
[BlackElo "2171"]
[WhiteTeam "Hessen"]
[BlackTeam "Berlin"]
[PlyCount "67"]
[WhiteFideId "24662402"]
[BlackFideId "12908150"]
[EventCountry "GER"]
[EventRounds "7"]
[EventType "team-swiss"]
[EventDate "2015.10.02"]

1. e4 e5 2. Nf3 Nc6 3. Bb5 a6 4. Ba4 Nf6 5. O-O b5 6. Bb3 Be7 7. d3 O-O 8. Nc3
d6 9. a3 Be6 10. Nd5 Bg4 11. Be3 Nxd5 12. Bxd5 Qd7 13. Bxc6 Qxc6 14. Nxe5 dxe5
15. Qxg4 Qxc2 16. Bh6 Bf6 17. Rac1 Qxd3 18. Rc6 Kh8 19. Rxf6 gxh6 20. Rxh6 Rg8
21. Qh3 Qxe4 22. g3 Rg7 23. Rxa6 Rxa6 24. Qc8+ Rg8 25. Qxa6 c6 26. Qb7 Qd5 27.
Qe7 Rg6 28. Re1 f6 29. b3 h5 30. Qe8+ Kg7 31. Qe7+ Kh8 32. a4 h4 33. axb5 hxg3
34. fxg3 1/2-1/2

[Event "Deutsche Ländermeisterschaft 2015"]
[Site "Hannover GER"]
[Date "2015.10.05"]
[Round "5"]
[White "Schnabel, Bennett"]
[Black "Keller, Peter"]
[Result "0-1"]
[Termination "normal"]
[Board "6.2"]
[BlackTitle "FM"]
[WhiteElo "2063"]
[BlackElo "2311"]
[WhiteTeam "Berlin"]
[BlackTeam "Hessen"]
[PlyCount "104"]
[WhiteFideId "12943290"]
[BlackFideId "1272105"]
[EventCountry "GER"]
[EventRounds "7"]
[EventType "team-swiss"]
[EventDate "2015.10.02"]

1. e4 e5 2. Nf3 Nc6 3. Bb5 a6 4. Bxc6 dxc6 5. O-O f6 6. d4 exd4 7. Nxd4 c5 8.
Ne2 Qxd1 9. Rxd1 Bd7 10. Nbc3 O-O-O 11. Be3 Re8 12. Rd2 Bc6 13. Rad1 b6 14. f3
Ne7 15. Nf4 Ng6 16. Nxg6 hxg6 17. Bf4 Be7 18. Nd5 Bd8 19. Bg3 g5 20. h3 Re6 21.
Ne3 g6 22. Bf2 Be7 23. Nc4 f5 24. exf5 gxf5 25. Re1 Rxe1+ 26. Bxe1 Bf6 27. c3
Rd8 28. Rxd8+ Kxd8 29. Ne3 Bd7 30. g4 f4 31. Nf1 Be6 32. a3 Kd7 33. Nd2 Kc6 34.
Ne4 Be7 35. Bd2 Kd5 36. h4 gxh4 37. Bxf4 Bxg4 38. fxg4 Kxe4 39. Bxc7 Kf3 40.
Bxb6 c4 41. a4 Kxg4 42. Bc7 Bg5 43. Bd6 Bc1 44. Ba3 Bf4 45. Be7 h3 46. Kf2 Kf5
47. Kg1 Ke4 48. Kf2 Kd3 49. Bf6 Kc2 50. b4 cxb3 51. c4 b2 52. Bxb2 Kxb2 0-1

[Event "Deutsche Ländermeisterschaft 2015"]
[Site "Hannover GER"]
[Date "2015.10.05"]
[Round "5"]
[White "Spitzl, Vinzent"]
[Black "Acikel, Mert"]
[Result "1-0"]
[Termination "normal"]
[Board "6.3"]
[WhiteElo "2130"]
[BlackElo "1889"]
[WhiteTeam "Hessen"]
[BlackTeam "Berlin"]
[PlyCount "101"]
[WhiteFideId "12901253"]
[BlackFideId "12956465"]
[EventCountry "GER"]
[EventRounds "7"]
[EventType "team-swiss"]
[EventDate "2015.10.02"]

1. e4 e5 2. Nf3 Nc6 3. Bb5 a6 4. Ba4 Nf6 5. O-O Be7 6. Re1 b5 7. Bb3 O-O 8. c3
d6 9. h3 Nb8 10. d4 Nbd7 11. Nbd2 Bb7 12. Bc2 Re8 13. Nf1 Bf8 14. Ng3 g6 15. b3
c5 16. d5 Nb6 17. a4 bxa4 18. bxa4 a5 19. Bd3 c4 20. Bc2 Qc7 21. Qe2 Nbd7 22.
Be3 Ba6 23. Rab1 Nc5 24. Bxc5 Qxc5 25. Nf1 Bh6 26. Ne3 Nh5 27. Ng4 Bg7 28. Qe3
Qxe3 29. Nxe3 Nf4 30. Kf1 Rec8 31. Rb6 Bf8 32. Reb1 Nd3 33. Rc6 Nc5 34. Rbb6
Rcb8 35. Nd2 Be7 36. Nexc4 Bb7 37. Rxd6 Bxd6 38. Rxd6 Ba6 39. Ke1 Bxc4 40. Nxc4
Kg7 41. Rc6 Nd7 42. Kd2 Rc8 43. Rxc8 Rxc8 44. Nxa5 Nc5 45. Nc6 f6 46. c4 Kf7
47. Kc3 Ke8 48. Kb4 Nb7 49. a5 Ra8 50. c5 Kd7 51. Kb5 1-0

[Event "Deutsche Ländermeisterschaft 2015"]
[Site "Hannover GER"]
[Date "2015.10.05"]
[Round "5"]
[White "Hesse, Henrik"]
[Black "Weber, Samuel"]
[Result "1-0"]
[Termination "normal"]
[Board "6.4"]
[WhiteElo "1896"]
[BlackElo "1936"]
[WhiteTeam "Berlin"]
[BlackTeam "Hessen"]
[PlyCount "103"]
[WhiteFideId "12952060"]
[BlackFideId "12924008"]
[EventCountry "GER"]
[EventRounds "7"]
[EventType "team-swiss"]
[EventDate "2015.10.02"]

1. c4 e6 2. d4 d5 3. e3 c5 4. Nf3 Nc6 5. Nc3 Nf6 6. cxd5 exd5 7. g3 Be7 8. Bg2
c4 9. O-O Bf5 10. Ne5 Be6 11. f4 g6 12. h3 Bd6 13. g4 Ne7 14. Qa4+ Nd7 15. e4
Bxe5 16. fxe5 O-O 17. Bh6 Nb6 18. Qd1 Re8 19. Qf3 Nc6 20. exd5 Nxd4 21. Qf2
Nxd5 22. Qxd4 Nxc3 23. Qxc3 Qe7 24. Rad1 Rad8 25. Rd6 Qh4 26. Rxd8 Rxd8 27. Qe3
Rd3 28. Bg5 Rxe3 29. Bxh4 Rxe5 30. Bf6 Re3 31. Bxb7 Rxh3 32. g5 Rd3 33. Be4 Rd6
34. Rc1 Kf8 35. b3 cxb3 36. axb3 Ke8 37. Rc7 a6 38. Bc6+ Rxc6 39. Rxc6 Kd7 40.
Rxa6 Bxb3 41. Kf2 Bc4 42. Ra4 Bb5 43. Rh4 Ke6 44. Rxh7 Bc4 45. Rh4 Bd3 46. Ke3
Bf5 47. Ra4 Kd5 48. Ra5+ Kc6 49. Rxf5 gxf5 50. Kf4 Kd7 51. Kxf5 Kd6 52. Bc3 1-0

[Event "Deutsche Ländermeisterschaft 2015"]
[Site "Hannover GER"]
[Date "2015.10.05"]
[Round "5"]
[White "Stork, Oliver"]
[Black "Rosenhain, Rachela"]
[Result "1-0"]
[Termination "normal"]
[Board "6.5"]
[WhiteElo "1977"]
[BlackElo "1792"]
[WhiteTeam "Hessen"]
[BlackTeam "Berlin"]
[PlyCount "93"]
[WhiteFideId "12955728"]
[BlackFideId "12957615"]
[EventCountry "GER"]
[EventRounds "7"]
[EventType "team-swiss"]
[EventDate "2015.10.02"]

1. c4 Nf6 2. g3 g6 3. Bg2 d6 4. Nc3 Bg7 5. e4 c5 6. Nge2 Nc6 7. O-O O-O 8. d3
Bd7 9. h3 a6 10. Be3 Rb8 11. d4 b6 12. f4 cxd4 13. Nxd4 Nxd4 14. Bxd4 Bc6 15.
e5 Bxg2 16. exf6 Bxf1 17. fxg7 Re8 18. Qxf1 e5 19. fxe5 dxe5 20. Be3 Kxg7 21.
Rd1 Qc8 22. Nd5 Qc6 23. Bg5 Re6 24. Rd2 Rf8 25. Rf2 f6 26. Bxf6+ Rexf6 27. Rxf6
Rxf6 28. Qxf6+ Qxf6 29. Nxf6 Kxf6 30. Kf2 Ke6 31. Ke3 a5 32. b3 h5 33. Ke4 Kd6
34. a3 Ke6 35. b4 Kd6 36. g4 hxg4 37. hxg4 Ke6 38. c5 axb4 39. axb4 bxc5 40.
bxc5 g5 41. c6 Kd6 42. c7 Kxc7 43. Kxe5 Kd7 44. Kf6 Ke8 45. Kxg5 Kf8 46. Kg6
Kg8 47. g5 1-0

[Event "Deutsche Ländermeisterschaft 2015"]
[Site "Hannover GER"]
[Date "2015.10.05"]
[Round "5"]
[White "Denkert, Anna"]
[Black "Poetsch, Leonore"]
[Result "1-0"]
[Termination "normal"]
[Board "6.6"]
[WhiteElo "1686"]
[BlackElo "1860"]
[WhiteTeam "Berlin"]
[BlackTeam "Hessen"]
[PlyCount "65"]
[WhiteFideId "12938122"]
[BlackFideId "12940372"]
[EventCountry "GER"]
[EventRounds "7"]
[EventType "team-swiss"]
[EventDate "2015.10.02"]

1. e4 e6 2. d4 d5 3. exd5 exd5 4. Bd3 Bd6 5. Qf3 Ne7 6. Ne2 O-O 7. Bf4 c5 8.
Bxd6 Qxd6 9. dxc5 Qxc5 10. c3 Nbc6 11. Nd2 Bd7 12. O-O Rae8 13. Nb3 Qd6 14. Bc2
Ng6 15. Qg3 Qf6 16. Ned4 Nf4 17. Rad1 h5 18. h4 Re2 19. Kh1 Bg4 20. Nxe2 Bxe2
21. Nc5 Bxf1 22. Rxf1 Ne2 23. Qg5 Qxg5 24. hxg5 b6 25. Nd3 Re8 26. Re1 Re4 27.
g3 h4 28. Kg2 hxg3 29. fxg3 Re3 30. Kf2 Rxg3 31. Rxe2 Rxg5 32. Re8+ Kh7 33.
Ne5+ 1-0

[Event "Deutsche Ländermeisterschaft 2015"]
[Site "Hannover GER"]
[Date "2015.10.05"]
[Round "5"]
[White "Reinecke, Katharina"]
[Black "Breitzmann, Sander"]
[Result "1-0"]
[Termination "normal"]
[Board "6.7"]
[WhiteElo "1765"]
[BlackElo "1569"]
[WhiteTeam "Hessen"]
[BlackTeam "Berlin"]
[PlyCount "105"]
[WhiteFideId "12929727"]
[BlackFideId "12987085"]
[EventCountry "GER"]
[EventRounds "7"]
[EventType "team-swiss"]
[EventDate "2015.10.02"]

1. d4 d5 2. c4 c6 3. Nf3 Nf6 4. e3 e6 5. b3 Bd6 6. Bb2 O-O 7. Bd3 Nbd7 8. O-O
Re8 9. Ne5 Nf8 10. Nd2 Ng6 11. f4 c5 12. Ndf3 Ne4 13. Qc2 cxd4 14. Bxd4 Nc5 15.
Be2 Nxe5 16. Nxe5 dxc4 17. Nxc4 Bf8 18. Rfd1 Bd7 19. Bf3 Qc7 20. Be5 Qc8 21.
Nd6 Bxd6 22. Bxd6 Na6 23. Qxc8 Bxc8 24. Rac1 Nb8 25. Rxc8 Rxc8 26. Bxb7 Nd7 27.
Bxa8 Rxa8 28. Rc1 Nb6 29. Be5 f6 30. Bd4 Nd5 31. a3 Rb8 32. b4 Rb7 33. Rc6 Kf7
34. Bc5 Nb6 35. Bd6 Ke8 36. Rc2 Kd7 37. Bf8 Ke8 38. Bc5 Rc7 39. Kf2 Na4 40. e4
Nxc5 41. Rxc5 Rd7 42. Ke3 Kf7 43. a4 h6 44. b5 g6 45. a5 f5 46. b6 Ke7 47. e5
Kd8 48. Rc6 Ke7 49. a6 axb6 50. Rxb6 Rd1 51. Rb7+ Kd8 52. a7 Ra1 53. Rb8+ 1-0

[Event "Deutsche Ländermeisterschaft 2015"]
[Site "Hannover GER"]
[Date "2015.10.05"]
[Round "5"]
[White "Schnabel, Luise"]
[Black "Ruppert, Paula"]
[Result "1/2-1/2"]
[Termination "normal"]
[Board "6.8"]
[WhiteElo "1435"]
[BlackElo "1427"]
[WhiteTeam "Berlin"]
[BlackTeam "Hessen"]
[PlyCount "50"]
[WhiteFideId "12943347"]
[BlackFideId "12979996"]
[EventCountry "GER"]
[EventRounds "7"]
[EventType "team-swiss"]
[EventDate "2015.10.02"]

1. e4 e6 2. d4 d5 3. Nc3 Bb4 4. e5 c5 5. a3 Bxc3+ 6. bxc3 Ne7 7. f4 Nbc6 8. Nf3
Bd7 9. Be3 Nf5 10. Bf2 O-O 11. g4 Nfe7 12. Qd2 f5 13. h3 Qa5 14. g5 Ng6 15. Be3
Rac8 16. h4 cxd4 17. cxd4 Qxd2+ 18. Bxd2 Rc7 19. h5 Nge7 20. Rc1 Rfc8 21. Bd3
a6 22. Ke2 Kf7 23. Ke3 Na7 24. Ba5 Rc6 25. Nd2 Nb5 1/2-1/2

[Event "Deutsche Ländermeisterschaft 2015"]
[Site "Hannover GER"]
[Date "2015.10.05"]
[Round "5"]
[White "Wielebinski, Paul Martin"]
[Black "Maj, Kornel"]
[Result "0-1"]
[Termination "normal"]
[Board "7.1"]
[WhiteElo "1938"]
[BlackElo "2039"]
[WhiteTeam "Niedersachsen 2"]
[BlackTeam "Württemberg"]
[PlyCount "122"]
[WhiteFideId "12987930"]
[BlackFideId "1160613"]
[EventCountry "GER"]
[EventRounds "7"]
[EventType "team-swiss"]
[EventDate "2015.10.02"]

1. e4 c5 2. Nf3 d6 3. d4 cxd4 4. Nxd4 Nf6 5. Nc3 Nc6 6. f4 g6 7. Nxc6 bxc6 8.
e5 Nd7 9. exd6 exd6 10. Qe2+ Be7 11. Be3 O-O 12. O-O-O d5 13. Qf2 Qa5 14. Kb1
Rb8 15. Bd4 Bb4 16. Ne2 c5 17. Be3 d4 18. Bc1 Nf6 19. Ng3 Be6 20. b3 Nd5 21.
Ne2 Bg4 22. Bb2 Nc3+ 23. Bxc3 dxc3 24. a4 Ba3 25. Qe1 Bb2 26. Nc1 Bxd1 27. Qxd1
Bxc1 28. Kxc1 Qb4 29. Kb1 Qxa4 30. Qd3 Qxf4 31. Qxc3 Qb4 32. Kb2 a5 33. Bc4 a4
34. Qxb4 Rxb4 35. Kc3 a3 36. Ra1 Ra8 37. Kd3 Rb6 38. Bd5 Ra5 39. c3 Kg7 40. Kc4
f5 41. Kd3 Kf6 42. Kc2 Ke5 43. Bc4 Rd6 44. Re1+ Kf4 45. b4 cxb4 46. cxb4 Ra8
47. Kc3 a2 48. Ra1 Ra3+ 49. Kb2 Re3 50. Rf1+ Ke5 51. Rf2 Rd4 52. Bxa2 Rxb4+ 53.
Kc2 Rf4 54. Rd2 Rd4 55. Rf2 f4 56. Bg8 h6 57. h4 h5 58. Bf7 Kf5 59. Rf1 Rd6 60.
Rf2 Kg4 61. Bb3 Rc6+ 0-1

[Event "Deutsche Ländermeisterschaft 2015"]
[Site "Hannover GER"]
[Date "2015.10.05"]
[Round "5"]
[White "Schmidt, Tobias"]
[Black "Koch, Yannick"]
[Result "1-0"]
[Termination "normal"]
[Board "7.2"]
[WhiteElo "2121"]
[BlackElo "1955"]
[WhiteTeam "Württemberg"]
[BlackTeam "Niedersachsen 2"]
[PlyCount "85"]
[WhiteFideId "1271683"]
[BlackFideId "24661678"]
[EventCountry "GER"]
[EventRounds "7"]
[EventType "team-swiss"]
[EventDate "2015.10.02"]

1. e4 e6 2. d4 d5 3. Nd2 Nf6 4. e5 Nfd7 5. Bd3 c5 6. c3 Nc6 7. Ne2 cxd4 8. cxd4
f6 9. Nf4 Nxd4 10. Qh5+ Ke7 11. exf6+ Nxf6 12. Ng6+ hxg6 13. Qxh8 Kf7 14. Qh4
e5 15. Nf3 Nxf3+ 16. gxf3 Bf5 17. Bxf5 gxf5 18. Bg5 Qa5+ 19. Kf1 g6 20. Qh8
Qa6+ 21. Kg2 Re8 22. Rac1 Qd6 23. Bxf6 Qxf6 24. Rc7+ Re7 25. Qxf6+ Kxf6 26.
Rhc1 d4 27. Rxe7 Bxe7 28. Rc7 d3 29. Kf1 b6 30. Rxa7 Bc5 31. h4 Bd4 32. Rb7 e4
33. fxe4 fxe4 34. a4 Kf5 35. b4 Kg4 36. a5 bxa5 37. bxa5 d2 38. Ke2 Bxf2 39.
Kxd2 Kxh4 40. Ke2 Bd4 41. Rb4 Bc5 42. Rxe4+ Kh3 43. a6 1-0

[Event "Deutsche Ländermeisterschaft 2015"]
[Site "Hannover GER"]
[Date "2015.10.05"]
[Round "5"]
[White "Brunner, Wilken"]
[Black "Peng, Xiang-Tobias"]
[Result "1/2-1/2"]
[Termination "normal"]
[Board "7.3"]
[WhiteElo "1783"]
[BlackElo "2031"]
[WhiteTeam "Niedersachsen 2"]
[BlackTeam "Württemberg"]
[PlyCount "110"]
[WhiteFideId "12928771"]
[BlackFideId "12964328"]
[EventCountry "GER"]
[EventRounds "7"]
[EventType "team-swiss"]
[EventDate "2015.10.02"]

1. d4 d5 2. c4 c6 3. Nf3 Nf6 4. Nc3 e6 5. g3 Bd6 6. Bg2 Nbd7 7. O-O O-O 8. Nd2
Re8 9. e4 dxe4 10. Ndxe4 Be7 11. Be3 Nxe4 12. Nxe4 Nf6 13. Qc2 Ng4 14. Rad1 f5
15. Nc3 Bg5 16. Bxg5 Qxg5 17. h3 Nf6 18. Qd2 Qh5 19. Rfe1 Bd7 20. b4 Rad8 21.
b5 cxb5 22. cxb5 b6 23. Re5 Rc8 24. Rde1 Kh8 25. d5 exd5 26. Nxd5 Rxe5 27. Rxe5
Qf7 28. Nxf6 gxf6 29. Rd5 Be6 30. Rd4 Rc7 31. a4 Rd7 32. Bc6 Rxd4 33. Qxd4 Kg7
34. Qb4 Qc7 35. Kg2 Kf7 36. Qd2 Kg7 37. h4 Bb3 38. h5 h6 39. Qd3 Be6 40. Qd4
Bf7 41. g4 Qe5 42. Qd7 fxg4 43. Qxa7 Qxh5 44. Qxb6 Bd5+ 45. Bxd5 Qxd5+ 46. Kg1
Qd1+ 47. Kg2 Qxa4 48. Qc7+ Kg6 49. b6 Qe4+ 50. Kg1 Qe1+ 51. Kg2 Qe4+ 52. Kh2
Qf5 53. Qg3 Qh5+ 54. Kg1 Qf5 55. Kh2 Qh5+ 1/2-1/2

[Event "Deutsche Ländermeisterschaft 2015"]
[Site "Hannover GER"]
[Date "2015.10.05"]
[Round "5"]
[White "Degenhard, Simon"]
[Black "Meric, Geoffrey"]
[Result "1-0"]
[Termination "normal"]
[Board "7.4"]
[WhiteElo "1838"]
[BlackElo "1706"]
[WhiteTeam "Württemberg"]
[BlackTeam "Niedersachsen 2"]
[PlyCount "89"]
[WhiteFideId "12944017"]
[BlackFideId "26092891"]
[EventCountry "GER"]
[EventRounds "7"]
[EventType "team-swiss"]
[EventDate "2015.10.02"]

1. e4 c5 2. Nf3 Nc6 3. d4 cxd4 4. Nxd4 e5 5. Nb5 d6 6. N1c3 a6 7. Na3 b5 8. Nd5
Nge7 9. c4 Nd4 10. Bd3 Nxd5 11. cxd5 g6 12. O-O Bg7 13. Be3 O-O 14. Rc1 Bb7 15.
Nc2 Nxc2 16. Rxc2 Rc8 17. Rxc8 Qxc8 18. Qb3 Qd7 19. Ra1 f5 20. f3 f4 21. Bf2 g5
22. a4 b4 23. Rc1 g4 24. Kf1 gxf3 25. gxf3 Qh3+ 26. Ke2 Qxh2 27. Qxb4 Bc8 28.
Qxd6 Bh3 29. Rg1 Bg2 30. Qe6+ Kh8 31. Qg4 Bxf3+ 32. Kxf3 Qh6 33. Qxg7+ Qxg7 34.
Rxg7 Kxg7 35. Bxa6 Rb8 36. Bb5 h5 37. d6 Kf7 38. d7 Rxb5 39. d8=Q Rb3+ 40. Kg2
Rxb2 41. Qc7+ Ke6 42. Qc6+ Kf7 43. Qd5+ Kf6 44. Qd6+ Kg5 45. Qxe5+ 1-0

[Event "Deutsche Ländermeisterschaft 2015"]
[Site "Hannover GER"]
[Date "2015.10.05"]
[Round "5"]
[White "Möller, Hannah"]
[Black "Stoll, Katja"]
[Result "1-0"]
[Termination "normal"]
[Board "7.5"]
[WhiteElo "1638"]
[BlackElo "1840"]
[WhiteTeam "Niedersachsen 2"]
[BlackTeam "Württemberg"]
[PlyCount "97"]
[WhiteFideId "1270514"]
[BlackFideId "1271730"]
[EventCountry "GER"]
[EventRounds "7"]
[EventType "team-swiss"]
[EventDate "2015.10.02"]

1. Nf3 Nf6 2. g3 d5 3. Bg2 c5 4. O-O Nc6 5. d3 e6 6. c4 Be7 7. Nbd2 O-O 8. a3
b6 9. Rb1 Bb7 10. b3 Qc7 11. Bb2 Rad8 12. Qc2 d4 13. Rfe1 e5 14. Ra1 Nd7 15. e3
f5 16. exd4 cxd4 17. b4 Bf6 18. Nb3 Ne7 19. a4 Nd5 20. Qd2 Nc3 21. Bxc3 dxc3
22. Qc2 e4 23. dxe4 Bxe4 24. Qe2 Kh8 25. Nfd4 Bxd4 26. Nxd4 Nc5 27. Bxe4 Rxd4
28. Bxf5 Nb3 29. Ra3 Rd2 30. Qe3 Nd4 31. Rxc3 Nxf5 32. Qxd2 Nd6 33. Qe2 h6 34.
Qe7 Rf7 35. Qxc7 Rxc7 36. c5 bxc5 37. Rxc5 Rb7 38. b5 Nf7 39. Rec1 Ng5 40. Rc7
Nf3+ 41. Kh1 Rb6 42. R1c6 Rb8 43. Rc8+ Rxc8 44. Rxc8+ Kh7 45. a5 Ne5 46. Rc7
Nd3 47. Kg2 Nb4 48. Rxa7 Nd5 49. b6 1-0

[Event "Deutsche Ländermeisterschaft 2015"]
[Site "Hannover GER"]
[Date "2015.10.05"]
[Round "5"]
[White "Yi, Danny"]
[Black "Pubantz, Jan"]
[Result "0-1"]
[Termination "normal"]
[Board "7.6"]
[WhiteElo "1745"]
[BlackElo "1435"]
[WhiteTeam "Württemberg"]
[BlackTeam "Niedersachsen 2"]
[PlyCount "120"]
[WhiteFideId "12988588"]
[BlackFideId "12996114"]
[EventCountry "GER"]
[EventRounds "7"]
[EventType "team-swiss"]
[EventDate "2015.10.02"]

1. e4 c6 2. Nc3 d5 3. Nf3 Bg4 4. h3 Bh5 5. exd5 cxd5 6. Bb5+ Nc6 7. g4 Bg6 8.
Ne5 Rc8 9. d4 f6 10. Nxg6 hxg6 11. Qd3 Kf7 12. Nxd5 e6 13. Nf4 Nge7 14. c3 g5
15. Ne2 Qd5 16. Rg1 a6 17. Bc4 Nb4 18. cxb4 Qxc4 19. Rg3 Qxb4+ 20. Kf1 Qc4 21.
Qf3 Qc6 22. Bxg5 Qxf3 23. Rxf3 Rc2 24. Rb1 Nd5 25. Be3 Bd6 26. Ke1 Rhc8 27. Kd1
R8c7 28. Bd2 R2c4 29. Rc1 Nb4 30. a3 Nd5 31. Rxc4 Rxc4 32. Rb3 b5 33. f4 Bc7
34. Rf3 Bb6 35. b3 Rc7 36. g5 Ne7 37. Bc3 Rd7 38. Kc2 Nc6 39. gxf6 gxf6 40. Rg3
Bxd4 41. Rd3 e5 42. Nxd4 exd4 43. Bb2 b4 44. a4 Kg6 45. Rf3 Kf5 46. Kd3 Na5 47.
Ke2 Ke4 48. Rd3 Nc6 49. Bc1 Ne7 50. Rg3 d3+ 51. Kd2 Nf5 52. Rg1 Nd4 53. Re1+
Kf5 54. Rh1 Nxb3+ 55. Kd1 Nxc1 56. Kxc1 d2+ 57. Kd1 b3 58. Ke2 b2 59. Rd1 Kxf4
60. Rf1+ Kg3 0-1

[Event "Deutsche Ländermeisterschaft 2015"]
[Site "Hannover GER"]
[Date "2015.10.05"]
[Round "5"]
[White "Lamottke, Svenja"]
[Black "Lederer, Leia"]
[Result "1-0"]
[Termination "normal"]
[Board "7.7"]
[WhiteElo "1466"]
[BlackElo "1617"]
[WhiteTeam "Niedersachsen 2"]
[BlackTeam "Württemberg"]
[PlyCount "121"]
[WhiteFideId "12918229"]
[BlackFideId "12926353"]
[EventCountry "GER"]
[EventRounds "7"]
[EventType "team-swiss"]
[EventDate "2015.10.02"]

1. e4 e5 2. f4 exf4 3. Nf3 g5 4. Bc4 Nc6 5. O-O b6 6. d4 h6 7. a3 Bb7 8. d5
Nce7 9. b4 Bg7 10. Ra2 Ng6 11. Bb2 Bxb2 12. Rxb2 Nf6 13. Nd4 Ne7 14. Re1 h5 15.
d6 Nc6 16. Nf5 Ne5 17. Bd5 c6 18. Bb3 h4 19. Qd4 Ng6 20. e5 Nd5 21. Bxd5 cxd5
22. e6 dxe6 23. Ne7 Kd7 24. Nxg6 fxg6 25. Qg7+ Kc8 26. Rxe6 Rg8 27. Qf7 Rf8 28.
Qxg6 Bc6 29. Rb3 d4 30. Rd3 Bd7 31. Re7 Bf5 32. Qg7 Bxd3 33. cxd3 Rg8 34. Qxd4
a5 35. Qd5 Qxe7 36. Qxa8+ Kd7 37. Qxg8 Kxd6 38. Qg6+ Kd7 39. Qf5+ Kc7 40. Qe4
Qd8 41. Nc3 Qd7 42. Kf2 Qg7 43. Nb5+ Kb8 44. Qc6 Qb2+ 45. Kf3 g4+ 46. Kxg4 Qe2+
47. Kxf4 Qd2+ 48. Kg4 Qe2+ 49. Kxh4 Qf2+ 50. Kg4 Qe2+ 51. Kf4 Qd2+ 52. Kg4 Qe2+
53. Qf3 Qe6+ 54. Kg3 Qg8+ 55. Qg4 Qd5 56. Qf4+ Kb7 57. Qf3 Qxf3+ 58. Kxf3 axb4
59. axb4 Kc6 60. Nc3 b5 61. Ke4 1-0

[Event "Deutsche Ländermeisterschaft 2015"]
[Site "Hannover GER"]
[Date "2015.10.05"]
[Round "5"]
[White "Zell, Hannah"]
[Black "Abele, Anais"]
[Result "1/2-1/2"]
[Termination "normal"]
[Board "7.8"]
[WhiteElo "1212"]
[BlackElo "1457"]
[WhiteTeam "Württemberg"]
[BlackTeam "Niedersachsen 2"]
[PlyCount "67"]
[WhiteFideId "16208900"]
[BlackFideId "16208927"]
[EventCountry "GER"]
[EventRounds "7"]
[EventType "team-swiss"]
[EventDate "2015.10.02"]

1. e4 e5 2. Nf3 Nc6 3. Bb5 a6 4. Ba4 Nf6 5. d3 b5 6. Bb3 Be7 7. c3 O-O 8. O-O
d6 9. h3 Re8 10. Re1 Bf8 11. Nbd2 g6 12. Nf1 Bg7 13. Ng3 d5 14. Bg5 dxe4 15.
dxe4 Bb7 16. Qxd8 Raxd8 17. Rad1 h6 18. Rxd8 Rxd8 19. Bc1 Kf8 20. Rd1 Rxd1+ 21.
Bxd1 Nd7 22. Nd2 Nc5 23. Bc2 Nd8 24. f3 Nde6 25. Kf2 Nf4 26. Ne2 Ncd3+ 27. Bxd3
Nxd3+ 28. Ke3 Nc5 29. Nb3 Nxb3 30. axb3 Ke7 31. c4 Kd6 32. Kd3 Kc5 33. Bd2 Bf8
34. b4+ 1/2-1/2

[Event "Deutsche Ländermeisterschaft 2015"]
[Site "Hannover GER"]
[Date "2015.10.05"]
[Round "5"]
[White "Fidorra, Thomas"]
[Black "Recktenwald, Cedric"]
[Result "1-0"]
[Termination "normal"]
[Board "8.1"]
[WhiteElo "1972"]
[BlackElo "1584"]
[WhiteTeam "Mecklenburg-Vorpommern"]
[BlackTeam "Saarland"]
[PlyCount "25"]
[WhiteFideId "12913332"]
[BlackFideId "12971928"]
[EventCountry "GER"]
[EventRounds "7"]
[EventType "team-swiss"]
[EventDate "2015.10.02"]

1. e4 e6 2. Nf3 d5 3. e5 c5 4. b4 cxb4 5. d4 Nc6 6. Bd3 Bd7 7. O-O f6 8. Ng5 g6
9. Nxh7 Rxh7 10. Bxg6+ Rf7 11. Qh5 Qe7 12. c3 b5 13. Qh7 1-0

[Event "Deutsche Ländermeisterschaft 2015"]
[Site "Hannover GER"]
[Date "2015.10.05"]
[Round "5"]
[White "Schumann, Rabea"]
[Black "Zimmer, Luca"]
[Result "1-0"]
[Termination "normal"]
[Board "8.3"]
[WhiteElo "1776"]
[BlackElo "1548"]
[WhiteTeam "Mecklenburg-Vorpommern"]
[BlackTeam "Saarland"]
[PlyCount "117"]
[WhiteFideId "12918199"]
[BlackFideId "12921424"]
[EventCountry "GER"]
[EventRounds "7"]
[EventType "team-swiss"]
[EventDate "2015.10.02"]

1. e4 e6 2. Qe2 Nc6 3. Nf3 Nb4 4. d3 d5 5. g3 Nf6 6. e5 Nd7 7. a3 Nc6 8. Bg2
Bc5 9. b4 Nd4 10. Nxd4 Bxd4 11. c3 Bxe5 12. d4 Bd6 13. Bxd5 Nf6 14. Bg2 O-O 15.
O-O Rb8 16. Nd2 Bd7 17. Ne4 Bc6 18. Bg5 Be7 19. Nxf6+ Bxf6 20. Bxf6 Qxf6 21.
Bxc6 bxc6 22. Qa6 Qf3 23. Qxa7 Qxc3 24. Rfc1 Qb2 25. Qc5 Rb6 26. Qc3 Qxc3 27.
Rxc3 Rd8 28. Rac1 Rd6 29. Rc4 Kf8 30. a4 Ke8 31. Kg2 Ra6 32. a5 Kd7 33. Kf3 g6
34. Ke4 f6 35. f4 Rd5 36. Rc5 h6 37. h3 Kd6 38. g4 Kd7 39. R1c3 Kd6 40. Rc2 Kd7
41. Kd3 Kd6 42. R2c4 e5 43. fxe5+ fxe5 44. Rxd5+ Kxd5 45. Rc5+ Kd6 46. dxe5+
Ke6 47. Ke4 Ke7 48. h4 Kf7 49. h5 gxh5 50. gxh5 Ke6 51. Kf4 Kd7 52. Kf5 Ra8 53.
Kg6 Rb8 54. Rc4 Re8 55. Kxh6 Rxe5 56. Kg6 Re6+ 57. Kf5 Rh6 58. Kg5 Rh8 59. h6
1-0